| 000 | 00886nam a2200265 a 4500 | ||
|---|---|---|---|
| 001 | BRL_1842 | ||
| 005 | 20190320211407.0 | ||
| 008 | 070815s1900----mx-o######---#000-0#spa-# | ||
| 041 | _aspa | ||
| 044 | _amx | ||
| 050 | 4 |
_aGT4814 _b.C35 1900 |
|
| 110 | 2 |
_aMéxico _bDepartamento de Turismo _927340 |
|
| 245 | 1 | 0 |
_aCalendario de fiestas mexicanas. _ctexto Gutierre Tibón y Carletto Tibón. |
| 260 |
_aMéxico _bDepartamento de Turismo del Gobierno de México _c[19--] |
||
| 300 |
_a[195] p. _bil. (algunas a color), fotografías _c30 cm. |
||
| 500 | _aAu1777 | ||
| 500 | _aIncluye índice alfabético de poblaciones y fechas | ||
| 500 | _aEstado físico: Hojas desprendidas. | ||
| 650 | 1 | 4 |
_aFestivales _zMéxico _928024 |
| 650 | 1 | 4 |
_aDías festivos _zMéxico _926586 |
| 700 | 1 |
_aTibón, Gutierre _922612 |
|
| 700 | 1 |
_aTibón, Carletto _928025 |
|
| 902 | _aGRL | ||
| 942 |
_2lcc _cB |
||
| 999 |
_c10650 _d10650 |
||